[Event "TUR-ch Youth"]
[Site "Denizli"]
[Date "2022.05.28"]
[Round "8"]
[White "Acar, Erdogan"]
[Black "Cengiz, Nuri Efekan"]
[Result "1-0"]
[WhiteElo "1615"]
[BlackElo "1420"]
[PlyCount "100"]
[EventDate "2022.05.24"]
[EventType "swiss"]
[EventRounds "9"]
[EventCountry "TUR"]
[SourceTitle "EXT 2023"]
[Source "ChessBase"]
[SourceDate "2022.10.05"]
[SourceVersion "1"]
[SourceVersionDate "2022.10.05"]
[SourceQuality "1"]

1. e4 c5 2. Nf3 e6 3. d4 cxd4 4. Nxd4 Nf6 5. Nc3 Nc6 6. Ndb5 Bb4 7. a3 Bxc3+ 8. Nxc3 d5 9. exd5 exd5 10. Bd3 0-0 11. 0-0 d4 12. Ne2 Bg4 13. f3 Bh5 14. Nf4 Bg6 15. Nxg6 hxg6 16. f4 Re8 17. f5 gxf5 18. Bxf5 Ne7 19. Bg5 Nxf5 20. Rxf5 Re6 21. Qf3 Rc8 22. Bxf6 Rxf6 23. Rxf6 Qxf6 24. Qxf6 gxf6 25. Rc1 f5 26. Kf2 Kg7 27. g3 Kf6 28. Kf3 d3 29. c3 Re8 30. Rf1 Re2 31. Rf2 Rc2 32. Ke3 Kg5 33. Rd2 Kg4 34. Kxd3 Rc1 35. Rf2 Rd1+ 36. Kc4 Rd7 37. Kc5 Kh3 38. c4 Kg4 39. b4 Rd3 40. a4 Ra3 41. a5 Rd3 42. Rf4+ Kg5 43. Rd4 b6+ 44. Kd5 Rb3 45. b5 Rb2 46. Rh4 Rd2+ 47. Kc6 f4 48. Rxf4 Rxh2 49. Rxf7 Rc2 50. Rf4 Rc3 1-0